000
00272nam a22001217a 4500
008
170911b xxu||||| |||| 00| 0 eng d
041
_a
eng
080
_a
53
100
_a
42
101
_a
FIZ
245
_a
THE METAPHYSICS OF ST,THOMAS AQUINAS
_c
REITH,H
942
_2
udc
_c
BK
999
_c
27126
_d
27126